Szívünk hungarikumai = Unsere beliebten Hungarica = Our beloved Hungaricums
保存先:
| フォーマット: | 図書 |
|---|---|
| 言語: | Undetermined |
| 出版事項: |
Budapest
Szalay Könyvek
2009
|
| 主題: | |
| タグ: |
タグ追加
タグなし, このレコードへの初めてのタグを付けませんか!
|
| Thư viện lưu trữ: | Trung tâm Học liệu Trường Đại học Cần Thơ |
|---|
| LEADER | 00589nam a2200193Ia 4500 | ||
|---|---|---|---|
| 001 | CTU_237165 | ||
| 008 | 210402s9999 xx 000 0 und d | ||
| 082 | |a 914.39 | ||
| 082 | |b S998 | ||
| 245 | 0 | |a Szívünk hungarikumai = | |
| 245 | 0 | |b Unsere beliebten Hungarica = Our beloved Hungaricums | |
| 245 | 0 | |c Balogh Zsolt ... [et al.] | |
| 260 | |a Budapest | ||
| 260 | |b Szalay Könyvek | ||
| 260 | |c 2009 | ||
| 650 | |a Đặc điểm quốc gia,National characteristics | ||
| 650 | |z Hungary,Hungary | ||
| 910 | |b nthai | ||
| 980 | |a Trung tâm Học liệu Trường Đại học Cần Thơ | ||